[Event "Marienbad 2016 - MI - B2"]
[Site "Marianske Lazne CZE"]
[Date "2016.01.21"]
[Round "7.2"]
[White "Gumularz, Szymon"]
[Black "Gaehwiler, Gabriel"]
[Result "1/2-1/2"]
[WhiteElo "2258"]
[BlackElo "2297"]
[PlyCount "50"]
[EventDate "2016.01.16"]
[EventType "tourn"]
[EventRounds "9"]
[EventCountry "CZE"]
[Source "lmi"]
[SourceDate "2016.01.16"]

1. Nf3 Nf6 2. g3 g6 3. Bg2 Bg7 4. O-O O-O 5. d4 d6 6. c4 c6 7. Nc3 Bf5 8. b3
Ne4 9. Bb2 Nxc3 10. Bxc3 Be4 11. e3 d5 12. Rc1 a5 13. Bh3 e6 14. Qe2 Bxf3 15.
Qxf3 Nd7 16. Qe2 a4 17. Rfd1 axb3 18. axb3 Qb6 19. Qb2 Ra7 20. c5 Qc7 21. Ra1
Rfa8 22. Rxa7 Rxa7 23. Ra1 b5 24. cxb6 Qxb6 25. b4 Bf8 1/2-1/2

[Event "Marienbad 2016 - MI - B2"]
[Site "Marianske Lazne CZE"]
[Date "2016.01.21"]
[Round "7.3"]
[White "Utiatskaja, Irina"]
[Black "Varitski, Igor"]
[Result "0-1"]
[WhiteElo "2108"]
[BlackElo "2212"]
[PlyCount "82"]
[EventDate "2016.01.16"]
[EventType "tourn"]
[EventRounds "9"]
[EventCountry "CZE"]
[Source "lmi"]
[SourceDate "2016.01.16"]

1. e4 c6 2. Nc3 d5 3. Nf3 Bg4 4. h3 Bh5 5. exd5 cxd5 6. Bb5+ Nc6 7. g4 Bg6 8.
Ne5 Rc8 9. d4 e6 10. Qe2 Bd6 11. Nxg6 hxg6 12. Nxd5 Bb8 13. Nb4 Qxd4 14. c3 Qf6
15. Be3 Nge7 16. Bd4 e5 17. Bc5 Bd6 18. Bxa7 Bxb4 19. cxb4 O-O 20. Bc5 Nd4 21.
Bxd4 exd4 22. Qe4 Qg5 23. O-O Qxb5 24. Qxe7 Rfe8 25. Qd6 Red8 26. Qe7 Rd7 27.
Qe1 d3 28. Rc1 Rxc1 29. Qe8+ Kh7 30. Rxc1 d2 31. Rd1 Qd3 32. Qe3 Qc2 33. Qe2
Qxb2 34. g5 Qxa2 35. Kg2 Qc2 36. f3 Rd3 37. Kg1 Qc3 38. Kg2 b6 39. Qf2 Qc2 40.
Qf1 Re3 41. Kg3 Qc3 0-1

[Event "Marienbad 2016 - MI - B2"]
[Site "Marianske Lazne CZE"]
[Date "2016.01.21"]
[Round "7.4"]
[White "Nowak, Kamil"]
[Black "Plat, Vojtech"]
[Result "0-1"]
[WhiteElo "2313"]
[BlackElo "2473"]
[PlyCount "72"]
[EventDate "2016.01.16"]
[EventType "tourn"]
[EventRounds "9"]
[EventCountry "CZE"]
[Source "lmi"]
[SourceDate "2016.01.16"]

1. d4 Nf6 2. c4 g6 3. Nc3 d5 4. cxd5 Nxd5 5. e4 Nxc3 6. bxc3 Bg7 7. Qa4+ Nd7 8.
Nf3 O-O 9. Be2 c5 10. O-O cxd4 11. cxd4 Nf6 12. e5 Nd5 13. Qb3 b6 14. a4 Nc7
15. Be3 Be6 16. Bc4 Bxc4 17. Qxc4 Nd5 18. a5 Qd7 19. axb6 axb6 20. Qb3 b5 21.
Bd2 Rfc8 22. Bb4 Rxa1 23. Rxa1 Nxb4 24. Qxb4 e6 25. Qb2 Bf8 26. Rb1 Rc4 27. h3
b4 28. Rc1 Qd5 29. Rb1 Rc3 30. Kh2 Qc4 31. Kg1 Bh6 32. Qa1 Rc1+ 33. Rxc1 Qxc1+
34. Qxc1 Bxc1 35. d5 b3 36. d6 Kf8 0-1

[Event "Marienbad 2016 - MI - B2"]
[Site "Marianske Lazne CZE"]
[Date "2016.01.21"]
[Round "7.5"]
[White "Wozniak, Mariola"]
[Black "Burnett, Andrew"]
[Result "0-1"]
[WhiteElo "2180"]
[BlackElo "2210"]
[PlyCount "54"]
[EventDate "2016.01.16"]
[EventType "tourn"]
[EventRounds "9"]
[EventCountry "CZE"]
[Source "lmi"]
[SourceDate "2016.01.16"]

1. e4 c5 2. Nf3 d6 3. d4 Nf6 4. Nc3 cxd4 5. Nxd4 g6 6. Be3 Bg7 7. f3 Nc6 8. Qd2
O-O 9. O-O-O Nxd4 10. Bxd4 Be6 11. Kb1 Qc7 12. h4 Rfc8 13. h5 Qa5 14. hxg6 fxg6
15. a3 Rab8 16. Qe3 a6 17. e5 Nd5 18. Nxd5 Qxd5 19. c4 Rxc4 20. Bxc4 Qxc4 21.
Rc1 Qa2+ 22. Kc2 dxe5 23. Bxe5 Bf5+ 24. Kc3 Rc8+ 25. Kb4 a5+ 26. Kxa5 Qd5+ 27.
Kb6 Rxc1 0-1

[Event "Marienbad 2016 - MI - B2"]
[Site "Marianske Lazne CZE"]
[Date "2016.01.22"]
[Round "8.1"]
[White "Vulfson, Vladimir"]
[Black "Burnett, Andrew"]
[Result "1-0"]
[WhiteElo "2421"]
[BlackElo "2210"]
[PlyCount "115"]
[EventDate "2016.01.16"]
[EventType "tourn"]
[EventRounds "9"]
[EventCountry "CZE"]
[Source "lmi"]
[SourceDate "2016.01.16"]

1. Nf3 Nf6 2. c4 g6 3. Nc3 Bg7 4. e4 d6 5. d4 O-O 6. Be2 Bg4 7. Be3 Nfd7 8. Qb3
Na6 9. O-O e5 10. Rad1 Bxf3 11. Bxf3 exd4 12. Bxd4 Nac5 13. Qc2 Bxd4 14. Rxd4
Ne6 15. Rd2 Ne5 16. Be2 Nf4 17. Nd5 Nxe2+ 18. Rxe2 c6 19. Ne3 Qb6 20. Qc3 Rfe8
21. Rd2 Re6 22. Rfd1 c5 23. f4 Nc6 24. f5 Re5 25. Ng4 Nd4 26. Rf1 gxf5 27. Nxe5
dxe5 28. Qg3+ Qg6 29. Qxe5 fxe4 30. Kh1 Rc8 31. Rdf2 f5 32. g4 Qe8 33. Qd5+ Qf7
34. Qe5 Qe8 35. Qg3 f4 36. Qxf4 Qe7 37. Qe3 Re8 38. Re1 Qe5 39. Qh6 Qg7 40.
Qxg7+ Kxg7 41. Re3 Re6 42. Rf4 Rb6 43. b3 Ra6 44. Rfxe4 Rxa2 45. Re7+ Kg6 46.
Rxb7 Kg5 47. Rxh7 Kf4 48. Rhe7 Ra1+ 49. Re1 Ra2 50. Rf1+ Kg5 51. Re5+ Kxg4 52.
Re8 Nxb3 53. Rg8+ Kh4 54. Rf7 Ra1+ 55. Kg2 Ra2+ 56. Kg1 Ra1+ 57. Kf2 Ra2+ 58.
Ke3 1-0

[Event "Marienbad 2016 - MI - B2"]
[Site "Marianske Lazne CZE"]
[Date "2016.01.22"]
[Round "8.2"]
[White "Plat, Vojtech"]
[Black "Wozniak, Mariola"]
[Result "1-0"]
[WhiteElo "2473"]
[BlackElo "2180"]
[PlyCount "45"]
[EventDate "2016.01.16"]
[EventType "tourn"]
[EventRounds "9"]
[EventCountry "CZE"]
[Source "lmi"]
[SourceDate "2016.01.16"]

1. d4 f5 2. e4 fxe4 3. Nc3 Nf6 4. Bg5 Nc6 5. d5 Ne5 6. Qe2 c6 7. f4 Nf7 8. Bxf6
gxf6 9. Nxe4 Qa5+ 10. c3 cxd5 11. Nxf6+ Kd8 12. Qh5 exf6 13. Qxf7 Be7 14. Bd3
d4 15. Ne2 dxc3 16. Nxc3 Rf8 17. Qg7 b5 18. O-O Bb7 19. Rfe1 Bc5+ 20. Kh1 b4
21. Bf5 Qc7 22. Rad1 Bc6 23. Ne4 1-0

[Event "Marienbad 2016 - MI - B2"]
[Site "Marianske Lazne CZE"]
[Date "2016.01.22"]
[Round "8.3"]
[White "Varitski, Igor"]
[Black "Nowak, Kamil"]
[Result "1/2-1/2"]
[WhiteElo "2212"]
[BlackElo "2313"]
[PlyCount "33"]
[EventDate "2016.01.16"]
[EventType "tourn"]
[EventRounds "9"]
[EventCountry "CZE"]
[Source "lmi"]
[SourceDate "2016.01.16"]

1. e4 e6 2. d4 d5 3. exd5 exd5 4. Bd3 Nc6 5. c3 Bd6 6. Qf3 Nge7 7. Ne2 Be6 8.
Bf4 Ng6 9. Bxd6 Qxd6 10. Qg3 O-O-O 11. Qxd6 Rxd6 12. Nd2 Nce7 13. O-O Bf5 14.
Bxf5+ Nxf5 15. Ng3 Nxg3 16. fxg3 f6 17. Rfe1 1/2-1/2

[Event "Marienbad 2016 - MI - B2"]
[Site "Marianske Lazne CZE"]
[Date "2016.01.22"]
[Round "8.4"]
[White "Gaehwiler, Gabriel"]
[Black "Utiatskaja, Irina"]
[Result "1/2-1/2"]
[WhiteElo "2297"]
[BlackElo "2108"]
[PlyCount "130"]
[EventDate "2016.01.16"]
[EventType "tourn"]
[EventRounds "9"]
[EventCountry "CZE"]
[Source "lmi"]
[SourceDate "2016.01.16"]

1. e4 c5 2. Nf3 d6 3. d4 cxd4 4. Nxd4 Nf6 5. Nc3 a6 6. Bg5 e6 7. f4 Be7 8. Qf3
h6 9. Bh4 Qc7 10. O-O-O Nbd7 11. Be2 O-O 12. g4 b5 13. g5 hxg5 14. Bxg5 b4 15.
Nd5 exd5 16. Nf5 Nc5 17. Nxe7+ Qxe7 18. e5 dxe5 19. fxe5 Qxe5 20. Bxf6 Qxf6 21.
Qxf6 gxf6 22. Rhg1+ Kh8 23. Rxd5 f5 24. Rxc5 Be6 25. Bd3 Rg8 26. Rf1 a5 27. b3
Rg5 28. Kb2 Rh5 29. Rf2 Kg7 30. a3 Rh4 31. axb4 Rxb4 32. Bxf5 a4 33. Bxe6 fxe6
34. Rc7+ Kg6 35. Rc3 Rg4 36. Re3 Ra6 37. h3 Rh4 38. Rg3+ Kh7 39. Rf7+ Kh6 40.
Rf8 Kh7 41. Rf7+ Kh6 42. Rf6+ Kh7 43. Re3 axb3 44. cxb3 Rh6 45. Rxh6+ Kxh6 46.
Rg3 Kh5 47. b4 Kh4 48. b5 Rb6 49. Rb3 e5 50. Ka3 e4 51. Kb4 Re6 52. Re3 Kg5 53.
Ka5 Kf4 54. Re1 Rh6 55. Rh1 Rd6 56. b6 Rd3 57. Rb1 Ra3+ 58. Kb5 Rxh3 59. b7 Rh8
60. Kc5 Rb8 61. Kd4 Rd8+ 62. Kc4 Rb8 63. Rf1+ Ke3 64. Rf7 Ke2 65. Re7 e3
1/2-1/2

[Event "Marienbad 2016 - MI - B2"]
[Site "Marianske Lazne CZE"]
[Date "2016.01.22"]
[Round "8.5"]
[White "Voloshin, Pavel"]
[Black "Gumularz, Szymon"]
[Result "0-1"]
[WhiteElo "2132"]
[BlackElo "2258"]
[PlyCount "100"]
[EventDate "2016.01.16"]
[EventType "tourn"]
[EventRounds "9"]
[EventCountry "CZE"]
[Source "lmi"]
[SourceDate "2016.01.16"]

1. e4 d6 2. d4 Nf6 3. Nc3 e5 4. Nge2 Be7 5. g3 c6 6. Bg2 O-O 7. O-O b5 8. a3
Nbd7 9. b3 Re8 10. Bb2 Bf8 11. Qd2 Qc7 12. Rfe1 a5 13. h3 Rb8 14. Na2 Bb7 15.
Bc3 Ra8 16. Bb2 exd4 17. Nxd4 g6 18. Rad1 Bg7 19. g4 Nc5 20. f3 a4 21. Nc1 Rad8
22. Qf2 d5 23. e5 Nfd7 24. f4 axb3 25. cxb3 Ne4 26. Bxe4 dxe4 27. Nce2 Nc5 28.
Nc1 f6 29. exf6 Bxf6 30. b4 e3 31. Rxe3 Ne4 32. Qf1 Bh4 33. Rf3 c5 34. Nxb5
Rxd1 35. Qxd1 Qb6 36. a4 cxb4+ 37. Kh2 Nd2 38. Qxd2 Bxf3 39. Bd4 Qc6 40. Be5
Rd8 41. Nd4 Qc4 42. Qd3 Qxc1 43. Qxf3 Rxd4 44. Bxd4 Qd2+ 45. Kh1 Qxd4 46. Qa8+
Qd8 47. Qb7 Qd1+ 48. Kg2 Qe2+ 49. Kh1 Qf1+ 50. Kh2 Qxf4+ 0-1

[Event "Marienbad 2016 - MI - B2"]
[Site "Marianske Lazne CZE"]
[Date "2016.01.23"]
[Round "9.1"]
[White "Gumularz, Szymon"]
[Black "Vulfson, Vladimir"]
[Result "1/2-1/2"]
[WhiteElo "2258"]
[BlackElo "2421"]
[PlyCount "55"]
[EventDate "2016.01.16"]
[EventType "tourn"]
[EventRounds "9"]
[EventCountry "CZE"]
[Source "lmi"]
[SourceDate "2016.01.16"]

1. d4 d5 2. c4 e6 3. Nf3 Nf6 4. Nc3 Be7 5. Bf4 O-O 6. e3 c5 7. dxc5 Bxc5 8. Qc2
Nc6 9. a3 Qa5 10. Nd2 Be7 11. Bg3 Qb6 12. Be2 d4 13. Na4 Qd8 14. b4 dxe3 15.
fxe3 Bd6 16. Bxd6 Qxd6 17. O-O Qe5 18. Qc3 Rd8 19. Rad1 Bd7 20. b5 Qxc3 21.
Nxc3 Na5 22. Nde4 Nxe4 23. Nxe4 Be8 24. Nd6 Kf8 25. c5 Ke7 26. Bf3 Rab8 27. a4
Rd7 28. Rc1 1/2-1/2

[Event "Marienbad 2016 - MI - B2"]
[Site "Marianske Lazne CZE"]
[Date "2016.01.23"]
[Round "9.2"]
[White "Utiatskaja, Irina"]
[Black "Voloshin, Pavel"]
[Result "1-0"]
[WhiteElo "2108"]
[BlackElo "2132"]
[PlyCount "95"]
[EventDate "2016.01.16"]
[EventType "tourn"]
[EventRounds "9"]
[EventCountry "CZE"]
[Source "lmi"]
[SourceDate "2016.01.16"]

1. Nf3 e6 2. c4 c5 3. g3 Nf6 4. Bg2 Be7 5. O-O O-O 6. Nc3 a6 7. d4 cxd4 8. Qxd4
d6 9. Rd1 Qc7 10. b3 Nbd7 11. Bb2 Nc5 12. Ng5 Rd8 13. Rac1 Bd7 14. Qf4 Be8 15.
Ba1 Qb6 16. Qe3 Qc7 17. b4 Na4 18. Nce4 Nxe4 19. Bxe4 h6 20. Nf3 Nb6 21. Bd3
Nd7 22. Nd2 a5 23. Qe4 Nf8 24. b5 Rac8 25. Qg4 e5 26. Bf5 Bd7 27. Nf1 g6 28.
Bxd7 Nxd7 29. Ne3 Nf6 30. Qf3 Qc5 31. Qxb7 Rd7 32. Qf3 Bd8 33. Nd5 Nxd5 34.
Qxd5 Qb4 35. Qd3 Bf6 36. a3 Qc5 37. e4 Bd8 38. Rc2 Bb6 39. Bb2 Kh7 40. Qd5 Qxd5
41. Rxd5 Rc5 42. a4 f5 43. exf5 gxf5 44. Ba3 Rxd5 45. cxd5 f4 46. Rc6 Bd4 47.
Bxd6 fxg3 48. hxg3 1-0

[Event "Marienbad 2016 - MI - B2"]
[Site "Marianske Lazne CZE"]
[Date "2016.01.23"]
[Round "9.3"]
[White "Nowak, Kamil"]
[Black "Gaehwiler, Gabriel"]
[Result "1-0"]
[WhiteElo "2313"]
[BlackElo "2297"]
[PlyCount "81"]
[EventDate "2016.01.16"]
[EventType "tourn"]
[EventRounds "9"]
[EventCountry "CZE"]
[Source "lmi"]
[SourceDate "2016.01.16"]

1. e4 c5 2. Nf3 d6 3. d4 cxd4 4. Qxd4 Nc6 5. Bb5 Bd7 6. Bxc6 Bxc6 7. Nc3 Nf6 8.
Bg5 e6 9. O-O-O Be7 10. Rhe1 O-O 11. Kb1 b5 12. Bxf6 Bxf6 13. Qxd6 Qb6 14. Nd4
Rac8 15. e5 Rfd8 16. Qb4 a5 17. Na4 Qc7 18. Qc5 Rxd4 19. Qxd4 Be7 20. Nc3 b4
21. Ne4 Ba4 22. b3 Qxc2+ 23. Ka1 Be8 24. Nd6 Rd8 25. Rc1 Qg6 26. g3 f6 27. Nc8
Qf7 28. Nxe7+ Qxe7 29. exf6 gxf6 30. Qg4+ Kf7 31. Qh3 Qd6 32. Rc7+ Bd7 33.
Qxh7+ Kf8 34. Qh8+ Ke7 35. Qg7+ Ke8 36. Qh8+ Ke7 37. Qh7+ Kf8 38. Qc2 Ke8 39.
Qc5 Qa6 40. Ra7 Qd3 41. Rxe6+ 1-0

[Event "Marienbad 2016 - MI - B2"]
[Site "Marianske Lazne CZE"]
[Date "2016.01.23"]
[Round "9.4"]
[White "Wozniak, Mariola"]
[Black "Varitski, Igor"]
[Result "1-0"]
[WhiteElo "2180"]
[BlackElo "2212"]
[PlyCount "59"]
[EventDate "2016.01.16"]
[EventType "tourn"]
[EventRounds "9"]
[EventCountry "CZE"]
[Source "lmi"]
[SourceDate "2016.01.16"]

1. e4 c6 2. d4 d5 3. Nc3 dxe4 4. Nxe4 Bf5 5. Ng3 Bg6 6. h4 h6 7. Nf3 Nd7 8. h5
Bh7 9. Bd3 Bxd3 10. Qxd3 e6 11. Bd2 Ngf6 12. O-O-O Be7 13. Kb1 Qb6 14. c4 a5
15. Rhe1 a4 16. Bf4 a3 17. b3 Bb4 18. Re2 O-O 19. Ne5 Rad8 20. Nxd7 Rxd7 21. f3
Rfd8 22. Be5 Bd6 23. Bxf6 gxf6 24. f4 Bxf4 25. Re4 Be5 26. Rg4+ Kf8 27. Qh7
Rxd4 28. Rdxd4 Rxd4 29. Rg7 Bxg3 30. Rxf7+ 1-0

[Event "Marienbad 2016 - MI - B2"]
[Site "Marianske Lazne CZE"]
[Date "2016.01.23"]
[Round "9.5"]
[White "Burnett, Andrew"]
[Black "Plat, Vojtech"]
[Result "0-1"]
[WhiteElo "2210"]
[BlackElo "2473"]
[PlyCount "34"]
[EventDate "2016.01.16"]
[EventType "tourn"]
[EventRounds "9"]
[EventCountry "CZE"]
[Source "lmi"]
[SourceDate "2016.01.16"]

1. e4 d6 2. d4 Nf6 3. Nc3 Nbd7 4. f4 e5 5. Nf3 exd4 6. Qxd4 c6 7. a4 d5 8. exd5
Bc5 9. Qd3 cxd5 10. Be2 O-O 11. Ne5 Re8 12. Be3 Bxe3 13. Qxe3 Nxe5 14. fxe5 d4
15. Qf4 dxc3 16. exf6 cxb2 17. Rb1 Qa5+ 0-1

[Event "Marienbad Open 2016"]
[Site "Marianske Lazne CZE"]
[Date "2016.01.16"]
[Round "1.2"]
[White "Neckar, Lubomir"]
[Black "Kosina, Vladimir"]
[Result "1-0"]
[WhiteElo "2324"]
[BlackElo "1738"]
[PlyCount "87"]
[EventDate "2016.01.16"]
[EventType "swiss"]
[EventRounds "9"]
[EventCountry "CZE"]
[Source "lmi"]
[SourceDate "2016.01.16"]

1. Nf3 Nf6 2. c4 e6 3. g3 d5 4. Bg2 c6 5. Qc2 Nbd7 6. d4 Be7 7. O-O O-O 8. Nbd2
h6 9. b3 Nh7 10. e4 dxe4 11. Nxe4 f5 12. Nc3 Bf6 13. Ba3 Re8 14. Rad1 Ndf8 15.
Rfe1 Bd7 16. Ne5 Rc8 17. Na4 b6 18. Qe2 Qc7 19. Nc3 g6 20. f4 Bg7 21. Rd3 Red8
22. Qe3 Be8 23. d5 exd5 24. cxd5 c5 25. Red1 Rd6 26. Nc4 Bd4 27. Rxd4 cxd4 28.
Qxd4 Rdd8 29. d6 Qg7 30. Ne5 Nd7 31. Nd5 Rc2 32. Ne7+ Kf8 33. Bb2 Nxe5 34. fxe5
Ng5 35. Bc1 Nf7 36. Bf4 Bd7 37. Qd3 Rxg2+ 38. Kxg2 Be6 39. h4 Rd7 40. Rc1 Nxe5
41. Bxe5 Qh7 42. Rc8+ Kf7 43. Rh8 Qxh8 44. Bxh8 1-0

[Event "Marienbad Open 2016"]
[Site "Marianske Lazne CZE"]
[Date "2016.01.16"]
[Round "1.3"]
[White "Svec, Jan"]
[Black "Swicarz, Maciej"]
[Result "0-1"]
[WhiteElo "1730"]
[BlackElo "2299"]
[PlyCount "42"]
[EventDate "2016.01.16"]
[EventType "swiss"]
[EventRounds "9"]
[EventCountry "CZE"]
[Source "lmi"]
[SourceDate "2016.01.16"]

1. d4 f5 2. Nf3 Nf6 3. g3 g6 4. Bg2 Bg7 5. O-O O-O 6. c3 c6 7. Bf4 h6 8. Nbd2
d6 9. h4 Ng4 10. e4 e5 11. dxe5 dxe5 12. Be3 Nxe3 13. fxe3 Be6 14. exf5 gxf5
15. Nb3 Qc7 16. Nc5 Bc4 17. Re1 b6 18. b3 Bf7 19. Nd3 e4 20. Nd4 exd3 21. Nxf5
Bg6 0-1

[Event "Marienbad Open 2016"]
[Site "Marianske Lazne CZE"]
[Date "2016.01.16"]
[Round "1.4"]
[White "Marczuk, Dominik"]
[Black "Anchikov, Vladimir"]
[Result "1-0"]
[WhiteElo "2277"]
[BlackElo "1720"]
[PlyCount "61"]
[EventDate "2016.01.16"]
[EventType "swiss"]
[EventRounds "9"]
[EventCountry "CZE"]
[Source "lmi"]
[SourceDate "2016.01.16"]

1. e4 e5 2. Nf3 Nc6 3. Bc4 Bc5 4. O-O Nf6 5. d3 d6 6. c3 h6 7. Nbd2 O-O 8. Bb3
Re8 9. Re1 Ng4 10. Re2 Be6 11. Nf1 Bxb3 12. Qxb3 Bb6 13. Ng3 Qd7 14. h3 Nf6 15.
Nh4 Qe6 16. Qd1 d5 17. Re1 dxe4 18. dxe4 Nh7 19. Nhf5 Ne7 20. Qg4 Qg6 21. Qf3
Ng5 22. Bxg5 Qxg5 23. Rad1 Nxf5 24. exf5 c6 25. Ne4 Qe7 26. f6 gxf6 27. Nxf6+
Kh8 28. Qf5 Kg7 29. Qh7+ Kxf6 30. Qxh6+ Kf5 31. g4# 1-0

[Event "Marienbad Open 2016"]
[Site "Marianske Lazne CZE"]
[Date "2016.01.16"]
[Round "1.5"]
[White "Strukova, Ksenia"]
[Black "Dambrauskas, Virginijus"]
[Result "0-1"]
[WhiteElo "1707"]
[BlackElo "2273"]
[PlyCount "52"]
[EventDate "2016.01.16"]
[EventType "swiss"]
[EventRounds "9"]
[EventCountry "CZE"]
[Source "lmi"]
[SourceDate "2016.01.16"]

1. e4 c5 2. Nf3 e6 3. d4 cxd4 4. Nxd4 a6 5. Bd3 Bc5 6. Nb3 Be7 7. Be3 Nf6 8. f4
d6 9. N1d2 Nbd7 10. Qe2 Qc7 11. O-O-O e5 12. h3 b5 13. Kb1 Bb7 14. g4 d5 15.
exd5 Nxd5 16. Be4 Nxe3 17. Qxe3 exf4 18. Qf3 Bxe4 19. Nxe4 O-O 20. Nc3 Nb6 21.
h4 Rac8 22. Rh2 Rfd8 23. Rf1 b4 24. Ne4 Nc4 25. Qxf4 Rd1+ 26. Nc1 Rxf1 0-1

[Event "Marienbad Open 2016"]
[Site "Marianske Lazne CZE"]
[Date "2016.01.16"]
[Round "1.8"]
[White "Srienz, Christian"]
[Black "Ornet, Tomas"]
[Result "1-0"]
[WhiteElo "2239"]
[BlackElo "1681"]
[PlyCount "33"]
[EventDate "2016.01.16"]
[EventType "swiss"]
[EventRounds "9"]
[EventCountry "CZE"]
[Source "lmi"]
[SourceDate "2016.01.16"]

1. c4 e5 2. Nc3 Bc5 3. Nf3 d6 4. e3 Ne7 5. d4 exd4 6. exd4 Bb6 7. Bd3 O-O 8.
O-O Bg4 9. Bxh7+ Kh8 10. Be4 Nbc6 11. h3 Bxf3 12. Qxf3 Ng6 13. Qh5+ Kg8 14. Bg5
Qd7 15. Rad1 Nxd4 16. Nd5 Ne6 17. Ne7+ 1-0

[Event "Marienbad Open 2016"]
[Site "Marianske Lazne CZE"]
[Date "2016.01.16"]
[Round "1.10"]
[White "Golcman, Evgeny"]
[Black "Serakova, Tatana"]
[Result "1-0"]
[WhiteElo "2221"]
[BlackElo "1661"]
[PlyCount "53"]
[EventDate "2016.01.16"]
[EventType "swiss"]
[EventRounds "9"]
[EventCountry "CZE"]
[Source "lmi"]
[SourceDate "2016.01.16"]

1. c4 Nf6 2. Nc3 d5 3. cxd5 Nxd5 4. Nf3 Nxc3 5. bxc3 e6 6. g3 b6 7. Bg2 Bb7 8.
O-O Be7 9. Qc2 c5 10. d4 Nd7 11. e4 cxd4 12. cxd4 O-O 13. Bf4 Rc8 14. Qb1 g5
15. Be3 g4 16. Nd2 h5 17. h3 Bg5 18. hxg4 Bxe3 19. fxe3 Qg5 20. Rf4 hxg4 21.
Qd1 Kh7 22. e5 Bxg2 23. Rxg4 Qxe3+ 24. Kxg2 Rg8 25. Qh1+ Qh6 26. Qxh6+ Kxh6 27.
Rh1# 1-0

[Event "Marienbad Open 2016"]
[Site "Marianske Lazne CZE"]
[Date "2016.01.16"]
[Round "1.14"]
[White "Piotrowski, Przemyslaw"]
[Black "Pucholt, Martin"]
[Result "1-0"]
[WhiteElo "2185"]
[BlackElo "1640"]
[PlyCount "63"]
[EventDate "2016.01.16"]
[EventType "swiss"]
[EventRounds "9"]
[EventCountry "CZE"]
[Source "lmi"]
[SourceDate "2016.01.16"]

1. d4 Nf6 2. Nf3 e6 3. g3 b6 4. Bg2 Bb7 5. O-O Be7 6. c4 O-O 7. Nc3 d6 8. Qc2
Nbd7 9. e4 e5 10. Rd1 exd4 11. Nxd4 Nc5 12. b4 Ncd7 13. f4 Qc8 14. Bb2 Re8 15.
Nd5 Nxd5 16. cxd5 Bf6 17. Rac1 a5 18. Qxc7 axb4 19. Qxd6 Be7 20. Rxc8 Bxd6 21.
Rxe8+ Rxe8 22. Nf5 Bc5+ 23. Bd4 Ra8 24. Bxc5 Nxc5 25. Rd2 Ra3 26. d6 Bc6 27.
Ne7+ Kf8 28. Nxc6 Ke8 29. Bh3 Nd7 30. Bxd7+ Kxd7 31. Ne5+ Kd8 32. d7 1-0

[Event "Marienbad Open 2016"]
[Site "Marianske Lazne CZE"]
[Date "2016.01.16"]
[Round "1.15"]
[White "Szulc, Patrycja"]
[Black "Bartos, Jan"]
[Result "0-1"]
[WhiteElo "1638"]
[BlackElo "2176"]
[PlyCount "74"]
[EventDate "2016.01.16"]
[EventType "swiss"]
[EventRounds "9"]
[EventCountry "CZE"]
[Source "lmi"]
[SourceDate "2016.01.16"]

1. e4 g6 2. d4 Bg7 3. Nc3 d6 4. f4 a6 5. Be3 b5 6. Qd2 Bb7 7. Bd3 Nf6 8. O-O-O
b4 9. Nd5 Nxd5 10. exd5 Bxd5 11. Qxb4 Bxg2 12. Ne2 Bxh1 13. Rxh1 Nd7 14. h4 Nf6
15. Qa5 c5 16. Qd2 Qc7 17. Ng3 Ng4 18. f5 Nxe3 19. Qxe3 Bxd4 20. Qf3 Rb8 21. c3
Qb6 22. Qe2 Be5 23. Rg1 c4 24. Rg2 cxd3 25. Qxd3 Bf4+ 26. Kb1 Qe3 27. Qxe3 Bxe3
28. Re2 Bf4 29. Ne4 O-O 30. f6 exf6 31. Nxf6+ Kg7 32. Nd7 Rfe8 33. Rf2 Rb7 34.
Rxf4 Rxd7 35. Ra4 Re1+ 36. Kc2 Re2+ 37. Kb3 Rb7+ 0-1

[Event "Marienbad Open 2016"]
[Site "Marianske Lazne CZE"]
[Date "2016.01.16"]
[Round "1.20"]
[White "Kolovratnik, Milos"]
[Black "Glacner, Karel"]
[Result "1-0"]
[WhiteElo "2110"]
[BlackElo "1616"]
[PlyCount "43"]
[EventDate "2016.01.16"]
[EventType "swiss"]
[EventRounds "9"]
[EventCountry "CZE"]
[Source "lmi"]
[SourceDate "2016.01.16"]

1. Nf3 Nf6 2. g3 Nc6 3. d4 e5 4. Nxe5 Nxe5 5. dxe5 Ng4 6. Qd4 d6 7. exd6 cxd6
8. Bg2 Qa5+ 9. Nc3 Be7 10. O-O Qe5 11. Qxe5 dxe5 12. Nd5 Bd6 13. Rd1 Bb8 14. c4
a5 15. h3 Nxf2 16. Kxf2 Ra6 17. Be3 Re6 18. c5 e4 19. Bf4 Ba7 20. Nc7+ Ke7 21.
Nxe6 Bxe6 22. Bd6+ 1-0

[Event "Marienbad Open 2016"]
[Site "Marianske Lazne CZE"]
[Date "2016.01.16"]
[Round "1.31"]
[White "Jesensky, Jaromir"]
[Black "Vavra, Pavel"]
[Result "1/2-1/2"]
[WhiteElo "1507"]
[BlackElo "1993"]
[PlyCount "39"]
[EventDate "2016.01.16"]
[EventType "swiss"]
[EventRounds "9"]
[EventCountry "CZE"]
[Source "lmi"]
[SourceDate "2016.01.16"]

1. e4 c6 2. d4 d5 3. exd5 cxd5 4. Bd3 Nc6 5. c3 g6 6. Bf4 Bg7 7. Nf3 Nf6 8. O-O
O-O 9. Nbd2 Nh5 10. Bg3 Nxg3 11. fxg3 Qd6 12. Nb3 b6 13. Qe2 a5 14. a4 Bg4 15.
Qf2 Bxf3 16. gxf3 Rad8 17. f4 e6 18. Bb5 Na7 19. Bd3 Nc6 20. Bb5 1/2-1/2

[Event "Marienbad Open 2016"]
[Site "Marianske Lazne CZE"]
[Date "2016.01.16"]
[Round "1.32"]
[White "Vacha, Jaroslav"]
[Black "Maresova, Michaela"]
[Result "1-0"]
[WhiteElo "1981"]
[BlackElo "1494"]
[PlyCount "65"]
[EventDate "2016.01.16"]
[EventType "swiss"]
[EventRounds "9"]
[EventCountry "CZE"]
[Source "lmi"]
[SourceDate "2016.01.16"]

1. e4 d5 2. exd5 Qxd5 3. Nc3 Qa5 4. Bc4 Nf6 5. h3 c6 6. Nf3 Bf5 7. O-O Nbd7 8.
d4 Qc7 9. Qe2 e6 10. Ne5 Nxe5 11. dxe5 Nd7 12. g4 Bg6 13. f4 h6 14. Be3 Bb4 15.
Bd4 Ba5 16. f5 exf5 17. gxf5 Bh7 18. Bxf7+ Kxf7 19. e6+ Kf8 20. exd7 Qg3+ 21.
Qg2 Qxg2+ 22. Kxg2 a6 23. Bc5+ Kf7 24. Ne4 Bc7 25. Bd6 Bxd6 26. Nxd6+ Ke7 27.
Rad1 Rab8 28. Rfe1+ Kf6 29. Re6+ Kg5 30. Nf7+ Kxf5 31. Re5+ Kg6 32. Nxh8+ Rxh8
33. Re8 1-0

[Event "Marienbad Open 2016"]
[Site "Marianske Lazne CZE"]
[Date "2016.01.16"]
[Round "1.48"]
[White "Panos, Jan"]
[Black "Stocek, Jiri"]
[Result "1-0"]
[WhiteElo "1819"]
[BlackElo "1282"]
[PlyCount "101"]
[EventDate "2016.01.16"]
[EventType "swiss"]
[EventRounds "9"]
[EventCountry "CZE"]
[Source "lmi"]
[SourceDate "2016.01.16"]

1. d4 d5 2. c4 Nf6 3. Nc3 e6 4. Nf3 Bb4 5. Bg5 Bxc3+ 6. bxc3 h6 7. Bh4 Nc6 8.
e3 g5 9. Bg3 Ne4 10. Qc2 Nxg3 11. hxg3 Qf6 12. Be2 b6 13. Qa4 Bd7 14. Qc2 Rb8
15. e4 dxe4 16. Qxe4 Qf5 17. Qxf5 exf5 18. Nxg5 Ke7 19. Nf3 Rbg8 20. Rh4 Kd8
21. d5 Ne7 22. Ne5 Ng6 23. Nxf7+ Ke7 24. Nxh8 Nxh4 25. gxh4 Rxh8 26. g3 Kf6 27.
f4 Rg8 28. Kf2 a5 29. Rd1 Ba4 30. Rd2 Bd7 31. c5 bxc5 32. Rb2 c6 33. Rb6 Rc8
34. Bf3 Ke7 35. dxc6 Be6 36. Rb5 a4 37. a3 Bb3 38. Rxc5 Kf6 39. c4 Bc2 40. c7
Be4 41. Bxe4 fxe4 42. Ke3 Kg6 43. Kxe4 Kh7 44. h5 Kg7 45. Rc6 Kh7 46. f5 Kg7
47. f6+ Kf7 48. Kf5 Rg8 49. c8=Q Rg5+ 50. Kf4 Rxh5 51. Qd7+ 1-0